Spoilt for choice (Record no. 70689)

MARC details
000 -LEADER
fixed length control field 01422cam a2200217 4500
001 - CONTROL NUMBER
control field ABS65624
008 - FIXED-LENGTH DATA ELEMENTS--GENERAL INFORMATION
fixed length control field 020708n2002 000 0 eng u
035 ## - SYSTEM CONTROL NUMBER
System control number (Sirsi) u118744
245 ## - TITLE STATEMENT
Title Spoilt for choice
260 ## - PUBLICATION, DISTRIBUTION, ETC.
Date of publication, distribution, etc. 2002
490 ## - SERIES STATEMENT
Series statement Estates Gazette
Volume/sequential designation (0225) 22 June 2002, 138-139(2)
520 ## - SUMMARY, ETC.
Summary, etc. Looks at the data centre space market and argues that although companies appear to have a large range of options for operators business continuity often means that organisations have mission critical information in a dedicated and remote data centre. This would ensure access to always on power and internet connectivity in the event of a minor power outage or serious disaster. Comments that there is still a problem if the data centre closes or if the operators goes bankrupt. In a standard convenant strength it is likely that only a few operators would pass. There are therefore a growing number of clients whose requirements remain unfulfilled due to lack of choice in the market. For data centre landlords that are financially strong there real opportunities of growth in the market. Includes details of data centres based in the area around Leeds.
590 ## - LOCAL NOTE (RLIN)
Local note ABS
650 ## - SUBJECT ADDED ENTRY--TOPICAL TERM
Topical term or geographic name entry element DATA CENTRE
650 ## - SUBJECT ADDED ENTRY--TOPICAL TERM
Topical term or geographic name entry element INFORMATION AND COMMUNICATION TECHNOLOGY
650 ## - SUBJECT ADDED ENTRY--TOPICAL TERM
Topical term or geographic name entry element PROPERTY SECTOR
650 ## - SUBJECT ADDED ENTRY--TOPICAL TERM
Topical term or geographic name entry element LONDON
650 ## - SUBJECT ADDED ENTRY--TOPICAL TERM
Topical term or geographic name entry element LEEDS
690 ## - LOCAL SUBJECT ADDED ENTRY--TOPICAL TERM (OCLC, RLIN)
Topical term or geographic name as entry element MANAGEMENT-BUSINESS MANAGEMENT-INFORMATION MANAGEMENT
942 ## - ADDED ENTRY ELEMENTS (KOHA)
Suppress in OPAC 0
Holdings
Withdrawn status Lost status Source of classification or shelving scheme Damaged status Not for loan Home library Current library Shelving location Date acquired Total Checkouts Full call number Barcode Date last seen Copy number Price effective from Koha item type
    Dewey Decimal Classification     London London Journal article 08/07/2002   ABS65624 118744-1001 06/08/2019 1 06/08/2019 Journal article